000 00412nam a2200157Ia 4500
008 230312s9999||||xx |||||||||||||| ||und||
020 _a81-265-0822-1
082 _a621.3822
_bGOL-S
100 _aGold;Ben
245 0 _aSpeech and Audio Signal Processing
260 _bWiley and Sons
_aIndia
_c2007
300 _a537
546 _aEng.
650 _aEngineering
_vSpeech and Audio Signal Processing
942 _cBK
999 _c7825
_d7825